| 000 | 00717nam a2200205 i 4500 | ||
|---|---|---|---|
| 001 | 169907 | ||
| 003 | ES-MaACL | ||
| 005 | 20250701063159.0 | ||
| 008 | 081217s1895 fr |||| | fre d | ||
| 080 | _a82-293 | ||
| 100 | 1 |
_aClaretie, Jules, _d1840-1913 _9160289 |
|
| 245 | 1 | 3 |
_aLa Navarraise _b: épisode lyrique en deux actes / _cJules Claretie et Henri Cain ; musique de J. Massenet. |
| 260 |
_aParis : _bHeugel, _c1895. |
||
| 300 |
_a36 p. ; _c19 cm. |
||
| 650 | 4 |
_aÓperas- _vLibretos. _9137584 |
|
| 700 | 1 |
_aCain, Henri. _9137954 |
|
| 700 | 1 |
_aMassenet, Jules, _d1842-1912 _9240595 |
|
| 852 | 4 |
_aES-MaACL _j2244-F-12 _9R.140902 _z.- Biblioteca Jacinto Martínez Lacalle |
|
| 999 |
_c169907 _d169907 |
||